01508nam a2200313 i 4500001001000000003000400010005001700014007000300031008003900034017001500073040003200088041000800120082001800128111012100146245010000267250002300367264004600390264004300436300004900479336002300528337003100551338002500582500033900607504004200946546006500988650005001053650005201103710003901155C00601649OSt20230109104551.0ta211012s2020 pe a gr 000 p und a2020-09791 apelibn bspa erda cpelibn aspa14a869.5079/D10M2 aConcurso Nacional de Poesía en Lenguas Indígenas u Originarias Mi lengua, Mi patriad : 2019 c : Lima, Perú)10a¡Mi lengua, mi patria! :bconcurso nacional de poesía en lenguas indígenas u originarias / aPrimera edición.31aLima : bDefensoría del Pueblo, c2020.33aLima : bCorporación Gráfica Gama. a194 páginas :bretratos en color ;c24 cm. aTexto 2rdacontent asin mediación 2rdamedia avolumen 2rdacarrier aReúne los poemas ganadores del concurso organizado por la Defensoría del Pueblo, escritos en las lenguas originarias de los participantes, principalmente en lenguas amazónicas como Achuar, Asháninka, Awajún, Bora, Kukama kukamiria, Matsigenka, Nomatsiguenga, Yine y Shipibo-Konibo, seguidos por las andinas Quechua y Aimara. aIncluye referencias bibliográficas. aTexto en lenguas indígenas y su traducción al español.18aPoesía peruanay-Siglos XX-XXIv-Concursos.28aPoesía peruanay-Siglos XX-XXIv-Colecciones.1 aPerú. bDefensoría del Pueblo.